00786nam a22002177a 450000500170000001000150001702000270003203500140005903700090007308200130008224500510009525000060014626000400015227000550019230000320024750000550027970000310033494200240036599900190038995201600040820260701144549.0 aENG-148866 a9788131611951c1395.00 aEN-132398 bDBAD 21a320.6 aPublic Policy in India/cEdited By Krishna Raj a1 aNew DelhibRawat Publicationsc2021 a4858/24, Ansari Road, DaryaganjbNew Delhie110002 axii, 295p.c24cm(hb)bIndex aEssays in Honour pf Professor B.S. Sreekantaradhya aKrishna RajeEditor989482 2ddccENmPUBh320.6 c216813d216813 001040718NFICaDBADbDBADd2026-07-01eDelivery of Books Act Divisiong1395.00l0oPUB 320.6pEN-132398r2026-07-01 14:46:09t1v1395.00w2026-07-01yEN